000 01021nam a2200253 4500
001 9271
003 BD-RjUL
005 20211208234740.0
008 500101s1960 us ac b 100 0 eng d
035 _aCURL 980061008088(Lc ) from awac9
_a(BD-RjUL)9316
040 _aBD-RjUL
_beng
_cBD-RjUL
_dBD-RjUL
041 _aeng
082 _2539.2
_bFER 1960
_a23
111 2 _aInternational Conference on the Fermi Surfaces of Metals
_d(1960 :
_cCooperstown, N.Y.)
_9214399
245 1 4 _aThe Fermi surface :
_bproceedings of an international conference held at Cooperstown, New York on August 22-24, 1960 /
_cEdited by W.A. Harrison [and] M.B. Webb
260 _aNew York ;
_aLondon :
_bWiley,
_c[c1960]
300 _axvi, 356 p :
_billus., group port., diagrs ;
_c29 cm
504 _aIncludes bibliographies and indexes
650 0 _aFermi surfaces
_928785
700 1 _aHarrison, Walter A.
_q(Walter Ashley),
_d1930-
_928786
700 1 _aWebb, M. B.
_q(Maurice Barnett),
_d1926-
_928787
942 _2ddc
_cBK
999 _c9271
_d9271